zpět

Detail výsledku týmu

U Pošty - Vinohrady ČT, Praha

Datum a čas kvízu

38.5 Celkem bodů Celkový počet nahraných bodů na tomto kvízu bez doplňovacích otázek.
4. Pořadí na kvízu Konečné umístění týmu na tomto kvízu.

Zaznamenané odpovědi

# Otázka Odpověď Body Výsledky
1. V nablýskaném vozu značky Roll... Filip Turek, Brusel 1
2. Minulý týden rozsáhlý výpadek... CrowdStrike 0
3. Na čtvrté místo stovky nejhorš... C) chlebová polévka 1
4. Česká vláda ve středu rozhodla... KHNP 1
5. Bývalý pilot F1 učinil minulý... Ralf Schumacher 1
6. Na hudební téma Přátelství z m... v 18. století 1
7. Jak zní název československého... Přátelé Zeleného údolí 1
8. Zprovoznění sociální sítě Face... B 0
9. Kterým slovem na F označují če... frazém 1
10. Huckleberry Finn je jednou ze... Mark Twain, Dobrodružství Toma Sawyera 0.5